LEADER 01048nam a2200241 u 4500 001 000000110190 003 CaOOAMICUS 005 20080229110157.0 008 080229s2006 enk u000 u eng u 020 $a1-904501-64-8 040 $aPUL$bita$dLDB 245 00$aEU competitions law: procedures and remedies /$cMargaret Gray ... [et al.]. 260 $aRichmond (UK) :$bRichmond Law & tax,$cc2006. 300 $axliii, 296 p. ;$c24 cm. 504 $aInclude riferimenti bibliografici. 650 14$aDiritto commerciale$zEuropa.$0(OLS)http://pul/subject/29785 700 1 $aGray, Margaret.$0(OLS)http://pul/name/67508 850 $aPUL 852 $aPUL$W1$xSL Diritto e Scienze Sociali 3$y79$m343. 24 GRAMA 1$j126207$qDDC 21$B124933$CPULBib$Z2$F124933 $H102020 $82 941 1 $a9 996 $6020$a1-904501-64-8$9(OLS)http://pul/number/137219 996 $6245$aEU competitions law: procedures and remedies$9(OLS)http://pul/title/138545 996 $6260$aRichmond (UK) :$bRichmond Law & tax$9(OLS)http://pul/publisher/78665 LEADER 00932naa a2200229 u 4500 001 000000096265 003 CaOOAMICUS 005 20070226130145.0 008 040924s1985 gw u000 u ger u 020 $a3110105314 035 $a11008478 040 $aIAR$bita 100 1 $aKunitzsch, Paul.$0(OLS)http://pul/name/61435 245 14$aDer Orient bei Wolfram von Eschenbach - :$bPhantasie und Wirklichkeit /$cPaul Kunitzsch. 260 $aBerlin :$bW. de Gruyter,$c1985. 300 $aS. 112-122, ;$c25 cm 773 0 $aOrientalische Kultur und europäisches Mittelalter. 773 0 $aMiscellanea mediaevalia.$g17 773 0 $tOrientalische Kultur und europäisches Mittelalter$w()2374 996 $6020$a3110105314$9(OLS)http://pul/number/3169 996 $6245$aDer Orient bei Wolfram von Eschenbach - :$bPhantasie und Wirklichkeit$9(OLS)http://pul/title/123141 996 $6260$aBerlin :$bW. de Gruyter$9(OLS)http://pul/publisher/48032